Guess the Fusion Rock Song Lyrics #104 - Statistics

General Stats
  • This quiz has been taken 16 times
  • The average score is 195 of 269
Answer Stats
Answer % Correct
a
100%
I
100%
on
100%
And
91%
and
91%
in
91%
It
91%
it
91%
I've
91%
the
91%
to
91%
To
91%
when
91%
go
82%
got
82%
is
82%
like
82%
My
82%
my
82%
No
82%
So
82%
way
82%
be
73%
hand
73%
I'll
73%
I'm
73%
long
73%
make
73%
run
73%
time
73%
was
73%
again
64%
border
64%
Christopher Cross
64%
do
64%
free
64%
man
64%
Mexico
64%
night
64%
of
64%
ride
64%
Ride
64%
such
64%
Such
64%
wind
64%
with
64%
Always
55%
get
55%
gun
55%
sleep
55%
as
45%
body's
45%
born
45%
mind
45%
Never
45%
son
45%
weak
45%
down
36%
Gonna
36%
before
27%
lawless
27%
Lived
27%
spoke
27%
told
27%
bells
18%
church
18%
kind
18%
lives
18%
old
18%
rang
18%
ten
18%
Gunned
9%
hang
9%
nine
9%
tried
9%
Accused
0%
nowhere
0%
sight
0%
No matching quizzes found
Score Distribution
Percent of People with Each Score
Percentile by Number Answered
Your Score History
You have not taken this quiz